| 000 | 01132nam a2200265Ia 4500 | ||
|---|---|---|---|
| 001 | ebr10570065 | ||
| 003 | CaPaEBR | ||
| 006 | m u | ||
| 007 | cr cn||||||||| | ||
| 008 | 111102s2011 dk a s 000 0 eng d | ||
| 020 | _z9789289322829 | ||
| 040 |
_aCaPaEBR _cCaPaEBR |
||
| 035 | _a(OCoLC)802058959 | ||
| 050 | 1 | 4 |
_aQL713.25 _b.D36 2011eb |
| 100 | 1 | _aDam, Maria. | |
| 245 | 1 | 0 |
_a"New" POPs in marine mammals in Nordic Arctic and NE Atlantic areas during three decades _h[electronic resource] / _cMaria Dam ...[et. al.]. |
| 260 |
_aCopenhagen : _bNordic Council of Ministers, _c2011. |
||
| 300 |
_a119 p. : _bill. |
||
| 533 |
_aElectronic reproduction. _bPalo Alto, Calif. : _cebrary, _d2013. _nAvailable via World Wide Web. _nAccess may be limited to ebrary affiliated libraries. |
||
| 650 | 0 |
_aPollutants _zNorth Atlantic Region. |
|
| 650 | 0 |
_aMarine mammals _xEffect of water pollution on _zNorth Atlantic Region. |
|
| 655 | 7 |
_aElectronic books. _2local |
|
| 710 | 2 | _aebrary, Inc. | |
| 856 | 4 | 0 |
_uhttp://site.ebrary.com/lib/rucke/Doc?id=10570065 _zAn electronic book accessible through the World Wide Web; click to view |
| 999 |
_c81259 _d81259 |
||